| 000 | 00723nam a2200229 a 4500 | ||
|---|---|---|---|
| 001 | 6665 | ||
| 003 | BD-RjUL | ||
| 005 | 20211208234305.0 | ||
| 008 | 110114s1968 pk b 001 0 eng d | ||
| 035 | _a(BD-RjUL)6706 | ||
| 040 |
_aDLC _cDLC _dm.c _dBD-RjUL _beng |
||
| 041 | _aeng | ||
| 082 |
_a307.14095492 _bSOB 1968 |
||
| 100 | 1 |
_aSobhan, Rehman. _912546 |
|
| 245 | 1 | 0 |
_aBasic democracies works programme and rural development in East Pakistan / _cRehman Sobhan. |
| 260 |
_aDacca : _bBureau of Economic Research, University of Dacca, _c1968. |
||
| 300 |
_aviii, 328 p. ; _c23 cm |
||
| 504 | _aBibliography: p. [316]-320 | ||
| 650 | 0 |
_aRural development _zBangladesh _91942 |
|
| 942 |
_2ddc _cBK |
||
| 999 |
_c6665 _d6665 |
||